Ελευθερία ή έρωτας! ; Πένθος αντί πένθους

Αποθηκεύτηκε σε:
Λεπτομέρειες βιβλιογραφικής εγγραφής
Κύριος συγγραφέας: Desnos, Robert, 1900-1945
Άλλοι συγγραφείς: Ράικος, Γιώργος (Μεταφραστής)
Μορφή: Βιβλίο
Γλώσσα:Greek
French
Δημοσίευση: Αθήνα : Καστανιώτη, 1996.
Θέματα:
Ετικέτες: Προσθήκη ετικέτας
Δεν υπάρχουν, Καταχωρήστε ετικέτα πρώτοι!

MARC

LEADER 00000cam a2200000 i 4500
001 1/57306
008 981216s1996####gr | ||| |||| ||gre||
020 |a 9600316821 
035 |l 10045716 
040 |a GR-MyUA  |b gre  |e AACR2 
041 1 |a gre  |h fre 
082 0 |a 848  
100 1 |a Desnos, Robert,   |d 1900-1945. 
245 1 0 |a Ελευθερία ή έρωτας! ;   |b Πένθος αντί πένθους /   |c Ρομπερ Ντεσνός ; μετάφραση Γιώργος Ραΐκος.  
260 |a Αθήνα :   |b Καστανιώτη,   |c 1996.  
300 |a 185 σ. ;   |c εικ. 
500 |a Τίτλος πρωτοτύπου: La liberte ou l' amour!  
650 0 0 |a French literature. 
650 0 0 |a French poetry. 
700 1 |a Ράικος, Γιώργος,  |e trl 
740 0 |a Πένθος αντί πένθους.  
852 |a INST  |b SAMOS  |e 19981216  |h 848 DES  |p 005300013650  |q 005300013650  |t BK  |y 0 
901 |a BIBL-1998-3 
909 |a Σ  |b 060561 
922 |a 3ΕΛΗ  |b 199812  |c ΒΙΒΛΙΟΘΗΚΗ  |d ΧΑΡΤΣΑΣ